1877 1803 1760 1878 1260 1309 1633 1084 1385 1446 1379 1223 1017 1975 1818 1259 1309 1200 1267 1353 1392 1648 1444 1102 1693 1468 1877 1852 1567 1121 1790 1079 1443 1168 1357 1238 1185 1774 1620 1458 1424 1384 1619 1195 1061 1570 1698 1950 1928 1853 1641 1033 1978 1454 1684 1910 1840 1408 1529 1643 1920 1441 1861 1759 1509 1073 1702 1975 1916 1277 1342 1706 1480 1640 1718 1598 1496 1255 1429 1145 1624 1087 1326 1004 1492 1841 1467 1016 1661 1956 1939 1016 1592 1792 1284 1960 1155 1233 1110 BCNSPRNW ULIB Ver.6.0+V

เปลี่ยนเป็นภาษาไทย

Change to English
 แสดงรายละเอียดบรรณานุกรม
  กลับหน้าหลัก

Brief Record : Get Marc (ISO 2709) : E-mail record : QR code < ปิดหน้าต่าง
LEADER : 00000nam 2200000uu 4500
001    13399126166
003     ULIB
008    020711s2557 th a 000 0 tha d
020    ^a9786167902180
060    ^aWT100^bอ858ค
100    ^aอุไรวรรณ ชัยชนะวิโรจน์
245    ^aคู่มือการใช้ยาสำหรับผู้สูงอายุ
260    ^aพิษณุโลก :^bคณะพยาบาลศาสตร์ มหาวิทยาลัยนเรศวร,^c2557
300    ^a13 หน้า;^b19 ซม.
650    ^aผู้สูงอายุ-การใช้ยา
945    ^p0^l0^i004265
945    ^p0^l0^i004266
945    ^p0^l0^i004267
945    ^p0^l0^i004268
945    ^p0^l0^i004269
945    ^p0^l0^i004270
945    ^p0^l0^i004271
945    ^p0^l0^i004272
999    ^aประนอม เกษจรัล
รายการนี้ยังไม่มีแท็ก
คุณยังไม่ได้ล็อกอิน คุณสามารถมีกิจกรรมร่วมกับเว็บไซต์ได้ แต่ต้องล็อกอินก่อน ::
  ล็อกอิน

รายการสื่อสารสนเทศ

ลำดับที่ ประเภท เลขเรียก/บาร์โค้ด สถานที่ สถานะ
1. วิทยาศาสตร์การแพทย์ และสุขภาพ
หนังสือสำรอง
สถานะ=หนังสือสำรอง
WT100 อ858ค ฉ.1 
  Barcode: 004265
ห้องสมุดวิทยาเขตสวรรค์ประชารักษ์
►หนังสือทั่วไป
บนชั้น
2. วิทยาศาสตร์การแพทย์ และสุขภาพ
วิทยาศาสตร์การแพทย์ และสุขภาพ
WT100 อ858ค ฉ.2 
  Barcode: 004266
ห้องสมุดวิทยาเขตสวรรค์ประชารักษ์
►หนังสือทั่วไป
บนชั้น
3. วิทยาศาสตร์การแพทย์ และสุขภาพ
วิทยาศาสตร์การแพทย์ และสุขภาพ
WT100 อ858ค ฉ.3 
  Barcode: 004267
ห้องสมุดวิทยาเขตสวรรค์ประชารักษ์
►หนังสือทั่วไป
บนชั้น
4. วิทยาศาสตร์การแพทย์ และสุขภาพ
วิทยาศาสตร์การแพทย์ และสุขภาพ
WT100 อ858ค ฉ.4 
  Barcode: 004268
ห้องสมุดวิทยาเขตสวรรค์ประชารักษ์
►หนังสือทั่วไป
บนชั้น
5. วิทยาศาสตร์การแพทย์ และสุขภาพ
วิทยาศาสตร์การแพทย์ และสุขภาพ
WT100 อ858ค ฉ.5 
  Barcode: 004269
ห้องสมุดวิทยาเขตสวรรค์ประชารักษ์
►หนังสือทั่วไป
บนชั้น
6. วิทยาศาสตร์การแพทย์ และสุขภาพ
วิทยาศาสตร์การแพทย์ และสุขภาพ
WT100 อ858ค ฉ.6 
  Barcode: 004270
ห้องสมุดวิทยาเขตสวรรค์ประชารักษ์
►หนังสือทั่วไป
บนชั้น
7. วิทยาศาสตร์การแพทย์ และสุขภาพ
วิทยาศาสตร์การแพทย์ และสุขภาพ
WT100 อ858ค ฉ.7 
  Barcode: 004271
ห้องสมุดวิทยาเขตสวรรค์ประชารักษ์
►หนังสือทั่วไป
บนชั้น
8. วิทยาศาสตร์การแพทย์ และสุขภาพ
วิทยาศาสตร์การแพทย์ และสุขภาพ
WT100 อ858ค ฉ.8 
  Barcode: 004272
ห้องสมุดวิทยาเขตสวรรค์ประชารักษ์
►หนังสือทั่วไป
บนชั้น

รายการใกล้เคียง
    ชื่อเรื่อง [คู่มือการใช้ยาสำหรับผู้สูงอายุ]

    หัวเรื่อง [ผู้สูงอายุ-การใช้ยา]

BibComment


ยังไม่เคยถูกคอมเมนท์

คอมเมนท์ทรัพยากรรายการนี้
  คอมเมนท์: คู่มือการใช้ยาสำ..


 Copyright 2026. Bcnsprnw @Library